000 00915nam a2200241 i 4500
001 66787
003 ES-MaACL
005 20230906165833.0
007 t|
008 030521s2002 sp ||||0| spa d
040 _aM-BN
_bspa
_cM-BN
080 _a821.134.2-14"19"
100 1 _aCernuda, Luis,
_d1902-1963
_937529
245 1 0 _aPerfil del aire
_b: (transcripción) /
_cLuis Cernuda.
260 _aSevilla :
_bAyuntamiento de Sevilla :
_bFundación El Monte,
_c2002.
300 _a[36] p. ;
_c23 cm +
_e1 cuadernillo de 48 h. sueltas.
500 _a"Luis Cernuda, Sevilla 2002-Centenario de su nacimiento"
500 _aIncluye el facsímil del original autógrafo en hojas sueltas, propiedad de la Residencia de Estudiantes.
710 1 _aSevilla.
_bAyuntamiento.
_91391
710 2 _aResidencia de Estudiantes (Madrid)
_96437
852 _aES-MaACL
_jL-27269
_bR.132920
999 _c66787
_d66787